000 00548nam a2200181Ia 4500
008 090123s9999 xx 000 0 und d
082 _b3699
100 _aइंदिरा एम.के.
245 _aहेण्णिन आकांक्षे
250 _a3
260 _c1974
300 _a260
600 _aइंदिरा एम.के.
630 _aहेण्णिन आकांक्षे
700 _aइंदिरा एम.के.
730 _aहेण्णिन आकांक्षे
942 _cBOOK
999 _c41778
_d41778